<?xml version="1.0" encoding="UTF-8"?><marc:collection xmlns:marc="http://www.loc.gov/MARC21/slim">
  <marc:record>
    <marc:leader>00000nam  2200000za 4500</marc:leader>
    <marc:controlfield tag="001">9.845040</marc:controlfield>
    <marc:controlfield tag="003">CaOODSP</marc:controlfield>
    <marc:controlfield tag="005">20221107152857</marc:controlfield>
    <marc:controlfield tag="007">cr |||||||||||</marc:controlfield>
    <marc:controlfield tag="008">171003s1995    oncaocb#o    f000 0 fre d</marc:controlfield>
    <marc:datafield tag="020" ind1=" " ind2=" ">
      <marc:subfield code="q">(papier) </marc:subfield>
      <marc:subfield code="z">0-660-94993-8</marc:subfield>
    </marc:datafield>
    <marc:datafield tag="040" ind1=" " ind2=" ">
      <marc:subfield code="a">CaOODSP</marc:subfield>
      <marc:subfield code="b">fre</marc:subfield>
    </marc:datafield>
    <marc:datafield tag="043" ind1=" " ind2=" ">
      <marc:subfield code="a">n-cn-ns</marc:subfield>
    </marc:datafield>
    <marc:datafield tag="045" ind1=" " ind2=" ">
      <marc:subfield code="a">v4v4</marc:subfield>
    </marc:datafield>
    <marc:datafield tag="086" ind1="1" ind2=" ">
      <marc:subfield code="a">R61-2/9-64F-PDF</marc:subfield>
      <marc:subfield code="z">R61-2/9-18-1995F</marc:subfield>
      <marc:subfield code="z">R61-2/1-18/1995F</marc:subfield>
    </marc:datafield>
    <marc:datafield tag="100" ind1="1" ind2=" ">
      <marc:subfield code="a">Baker, Raymond F.</marc:subfield>
    </marc:datafield>
    <marc:datafield tag="245" ind1="1" ind2="4">
      <marc:subfield code="a">Une campagne d'amateurs </marc:subfield>
      <marc:subfield code="h">[ressource électronique] : </marc:subfield>
      <marc:subfield code="b">le siège de Louisbourg, 1745 / </marc:subfield>
      <marc:subfield code="c">Raymond F. Baker.</marc:subfield>
    </marc:datafield>
    <marc:datafield tag="260" ind1=" " ind2=" ">
      <marc:subfield code="a">Ottawa : </marc:subfield>
      <marc:subfield code="b">Parcs Canada, Patrimoine canadien,</marc:subfield>
      <marc:subfield code="c">c1995.</marc:subfield>
    </marc:datafield>
    <marc:datafield tag="300" ind1=" " ind2=" ">
      <marc:subfield code="a">83 p. : </marc:subfield>
      <marc:subfield code="b">ill., cartes</marc:subfield>
    </marc:datafield>
    <marc:datafield tag="490" ind1="1" ind2=" ">
      <marc:subfield code="a">Études en archéologie, architecture et histoire</marc:subfield>
    </marc:datafield>
    <marc:datafield tag="500" ind1=" " ind2=" ">
      <marc:subfield code="a">« Cet ouvrage a déjà été publié ... dans Lieux historiques canadiens : cahiers d'archéologie et d'histoire, n° 18 ; contribution de la forteresse de Louisbourg — n° 3 (1978), p. 5-60 »--p. [2].</marc:subfield>
    </marc:datafield>
    <marc:datafield tag="500" ind1=" " ind2=" ">
      <marc:subfield code="a">Publié aussi en anglais sous le titre : A campaigne of amateurs, the seige of Louisbourg, 1745.</marc:subfield>
    </marc:datafield>
    <marc:datafield tag="500" ind1=" " ind2=" ">
      <marc:subfield code="a">Édition numérisée de l’imprimée. </marc:subfield>
    </marc:datafield>
    <marc:datafield tag="504" ind1=" " ind2=" ">
      <marc:subfield code="a">Bibliographie: p. 79-83.</marc:subfield>
    </marc:datafield>
    <marc:datafield tag="510" ind1="0" ind2=" ">
      <marc:subfield code="a">Données de catalogage avant publication (Canada) imprimées dans cette publication.</marc:subfield>
    </marc:datafield>
    <marc:datafield tag="520" ind1="2" ind2=" ">
      <marc:subfield code="a">« La présente étude du siège de Louisbourg de 1745 exigea trois mois de recherche dans les archives de la forteresse. Il ne s'agit pas d'une étude en profondeur, puisque nous ne disposions pas du temps voulu pour examiner en détail toutes les phases du siège dignes d'un tel traitement. Voici les aspects du siège qui, selon nous, revêtent une importance particulière et qui mériteraient une étude plus poussée : les vaisseaux de la Nouvelle-Angleterre ayant pris part à l'expédition ; les provisions des troupes de la Nouvelle-Angleterre et les méthodes d'approvisionnement durant le siège ; les relations de Warren et Pepperrell durant le siège, de même que l'étendue et la nature de la collaboration entre l'armée et la marine ; l'état des défenses de Louisbourg (fortifications et puissance de feu) avant le siège ; l'importance de la défection morale de la garnison de Louisbourg avant le siège et les répercussions qu'elle aurait eu sur l'issue du siège et, enfin, les détachements d'éclaireurs que les Provinciaux envoyèrent durant le siège en s'attachant plus particulièrement aux buts visés, aux résultats atteints et aux effets qu'ils auraient eu sur l'aboutissement de la campagne »--Avant-propos, p. 5.</marc:subfield>
    </marc:datafield>
    <marc:datafield tag="530" ind1=" " ind2=" ">
      <marc:subfield code="a">Également publ. en version imprimée.</marc:subfield>
    </marc:datafield>
    <marc:datafield tag="692" ind1="0" ind2="7">
      <marc:subfield code="2">gccst</marc:subfield>
      <marc:subfield code="a">Installations militaires</marc:subfield>
    </marc:datafield>
    <marc:datafield tag="692" ind1="0" ind2="7">
      <marc:subfield code="2">gccst</marc:subfield>
      <marc:subfield code="a">Histoire militaire</marc:subfield>
    </marc:datafield>
    <marc:datafield tag="710" ind1="2" ind2=" ">
      <marc:subfield code="a">Parcs Canada.</marc:subfield>
    </marc:datafield>
    <marc:datafield tag="775" ind1="0" ind2="8">
      <marc:subfield code="t">A campaign of amateurs </marc:subfield>
      <marc:subfield code="w">(CaOODSP)9.844995</marc:subfield>
    </marc:datafield>
    <marc:datafield tag="776" ind1="0" ind2="#">
      <marc:subfield code="t">Une campagne d'amateurs: le siège de Louisbourg, 1745 / </marc:subfield>
      <marc:subfield code="w">(CaOODSP)9.623290</marc:subfield>
    </marc:datafield>
    <marc:datafield tag="830" ind1="#" ind2="0">
      <marc:subfield code="a">Études en archéologie, architecture et histoire.</marc:subfield>
      <marc:subfield code="w">(CaOODSP)9.836872</marc:subfield>
    </marc:datafield>
    <marc:datafield tag="856" ind1="4" ind2="0">
      <marc:subfield code="q">PDF</marc:subfield>
      <marc:subfield code="s">35.50 Mo</marc:subfield>
      <marc:subfield code="u">https://publications.gc.ca/collections/collection_2017/pc/R61-2-9-64-fra.pdf</marc:subfield>
    </marc:datafield>
  </marc:record>
</marc:collection>
